| 000 | 00703nam a22002417a 4500 | ||
|---|---|---|---|
| 005 | 20170124110049.0 | ||
| 010 | _aA-680562 | ||
| 020 |
_c00.00 _a818582876 |
||
| 035 | _aA-680562 | ||
| 037 | _bCen Lib/Ret | ||
| 040 |
_aDPL _bEN |
||
| 082 |
_a796.522 _bKAP |
||
| 100 |
_aKapadia, Harish _925006 |
||
| 245 |
_aHigh Himalaya unknown valleys / _cby Harish Kapadia |
||
| 250 | _a2nd ed | ||
| 260 |
_aNew Delhi _bIndus Publishing Company _c1994 |
||
| 270 |
_aFS-5,Tagore Garden _bNew Delhi _e110027 |
||
| 300 |
_a336p. : _c20cm(Hb) _bill. |
||
| 500 | _aIncludes index | ||
| 650 |
_aTravel _925007 |
||
| 650 |
_aHimalaya Mountains Region _925008 |
||
| 942 |
_2ddc _cEN _h796.522 _mKAP |
||
| 999 |
_c128980 _d128980 |
||